A treatise on modern physics (Record no. 865)

MARC details
000 -LEADER
fixed length control field 00561nam a2200181Ia 4500
003 - CONTROL NUMBER IDENTIFIER
control field IN-BaIIA
008 - FIXED-LENGTH DATA ELEMENTS--GENERAL INFORMATION
fixed length control field 211028s9999 xx 000 0 eng d
040 ## - CATALOGING SOURCE
Transcribing agency IIA Library
080 ## - UNIVERSAL DECIMAL CLASSIFICATION NUMBER
Universal Decimal Classification number 530.1
Item number SAH
100 ## - MAIN ENTRY--PERSONAL NAME
Personal name Saha, M. N
9 (RLIN) 1840
245 #2 - TITLE STATEMENT
Title A treatise on modern physics
Remainder of title vol. I, atom, molecules and nuclei
Statement of responsibility, etc. M. N. Saha and N. K. Saha
260 ## - PUBLICATION, DISTRIBUTION, ETC.
Place of publication, distribution, etc. Allahabad
Name of publisher, distributor, etc. The Indian Press
Date of publication, distribution, etc. 1934
300 ## - PHYSICAL DESCRIPTION
Extent xii, 856p.
650 ## - SUBJECT ADDED ENTRY--TOPICAL TERM
Topical term or geographic name entry element NASA Thesaurus
650 ## - SUBJECT ADDED ENTRY--TOPICAL TERM
Topical term or geographic name entry element Physics
9 (RLIN) 73
700 ## - ADDED ENTRY--PERSONAL NAME
Personal name Saha, N. K.
9 (RLIN) 1841
942 ## - ADDED ENTRY ELEMENTS (KOHA)
Koha item type Books
Holdings
Withdrawn status Lost status Damaged status Not for loan Home library Current library Shelving location Date acquired Total Checkouts Full call number Barcode Date last seen Price effective from Koha item type
        IIA Library-Bangalore IIA Library-Bangalore General Stacks     530.1/ SAH 891 05/11/2021   Books

Powered by Koha